| 000 | 00529nam a22002057a 4500 | ||
|---|---|---|---|
| 003 | OSt | ||
| 008 | 260409b |||||||| |||| 00| 0 eng d | ||
| 020 | _a9781498742979 | ||
| 082 |
_a572.82078 _bS61P |
||
| 100 | _aSingh, Ram J. | ||
| 245 |
_aPractical Manual on Plant Cytogenetics / _cby Ram J. Singh |
||
| 260 |
_a.- London _b: CRC Press _c, 2018 |
||
| 300 | _axxv,320p. | ||
| 650 | _aPure Sciences | ||
| 650 | _aBiology | ||
| 650 | _aPlants | ||
| 650 | _aCytogenetics | ||
| 650 | _aLaboratory Manuals | ||
| 942 |
_2ddc _cBK |
||
| 999 |
_c50045 _d50045 |
||